1966 World Cup Winners - England - Statistics

General Stats
  • This quiz has been taken 42 times
  • The average score is 14 of 22
Answer Stats
# Position Answer % Correct
9 MF Bobby Charlton
97%
6 DF Bobby Moore
97%
10 FW Geoff Hurst
97%
1 GK Gordon Banks
97%
5 DF Jack Charlton
97%
4 MF Nobby Stiles
88%
16 MF Martin Peters
85%
7 MF Alan Ball
82%
8 FW Jimmy Greaves
82%
21 FW Roger Hunt
74%
2 DF George Cohen
68%
3 DF Ray Wilson
62%
13 GK Peter Bonetti
56%
20 MF Ian Callaghan
44%
18 DF Norman Hunter
44%
14 DF Jimmy Armfield
41%
19 FW Terry Paine
41%
17 MF Ron Flowers
38%
22 MF George Eastham
35%
12 GK Ron Springett
35%
11 FW John Connelly
29%
15 DF Gerry Byrne
24%
No matching quizzes found
Score Distribution
Percent of People with Each Score
Percentile by Number Answered
Your Score History
You have not taken this quiz